[Event "Elit(Stockholms SS-Kungstornet)"]
[Site "?"]
[Date "2025.01.17"]
[Round "4"]
[White "Berggren, Jonatan"]
[Black "Jonsson, Mikael"]
[Result "0-1"]
[WhiteElo "2174"]
[BlackElo "2199"]
[PlyCount "144"]
[SourceVersionDate "2025.01.28"]

1. b3 d5 2. Bb2 Nd7 3. f4 Ngf6 4. Nf3 g6 5. Nc3 c6 6. d3 Bg7 7. Qd2 O-O 8. h3 b5 9. a3 Qb6 10. e3 c5 11. Nd1 Bb7 12. Be2 Ne8 13. Bxg7 Nxg7 14. d4 Rad8 15. O-O f6 16. Nf2 Nf5 17. Kh2 e5 18. g4 cxd4 19. gxf5 dxe3 20. Qb4 exf2 21. fxg6 d4 22. Rxf2 Nc5 23. Bxb5 e4 24. Nxd4 Rxd4 25. Qxd4 Qxb5 26. Rg1 Ne6 27. Qe3 Qf5 28. gxh7+ Kxh7 29. Qxa7 Rf7 30. Qb8 Ng7 31. Rfg2 Bc8 32. Rg4 Nh5 33. Qb6 Rg7 34. Rh4 Rxg1 35. Qxg1 Kh6 36. Qg8 Be6 37. Qh8+ Kg6 38. Rg4+ Kf7 39. Qd8 Qc5 40. Qg8+ Ke7 41. Qh7+ Kd6 42. Rg2 Nxf4 43. Qxe4 Nxg2 44. Qxg2 Qxa3 45. Qg3+ Ke7 46. Qc7+ Bd7 47. Qg3 Kf7 48. Qd3 Be8 49. Qh7+ Kf8 50. Qh6+ Ke7 51. Qh7+ Bf7 52. Qe4+ Kf8 53. h4 Qa6 54. Kg3 Qd6+ 55. Qf4 Qd8 56. b4 Kg7 57. Kf2 Qb6+ 58. Ke1 Bg6 59. Kd2 Qd8+ 60. Kc1 Qe7 61. Kb2 Be4 62. Qg3+ Kh6 63. c3 Kh5 64. Kb3 Qd7 65. Qf4 Qd1+ 66. Ka3 Qa1+ 67. Kb3 Qb1+ 68. Ka4 Qa2+ 69. Kb5 Qd5+ 70. Kb6 Qc6+ 71. Ka5 Bd3 72. Qf3+ Qxf3 0-1

[Event "Elit(Vaxjo-Eksjo)"]
[Site "?"]
[Date "2025.01.17"]
[Round "4"]
[White "Heberla, Bartlomiej"]
[Black "Solodovnichenko, Yuri"]
[Result "1-0"]
[WhiteElo "2498"]
[BlackElo "2511"]
[PlyCount "61"]
[SourceVersionDate "2025.01.27"]

1. d4 d5 2. c4 e6 3. Nf3 c6 4. e3 Nf6 5. Nc3 Nbd7 6. Qc2 Bd6 7. Be2 O-O 8. O-O dxc4 9. Bxc4 b5 10. Be2 Bb7 11. e4 e5 12. dxe5 Nxe5 13. Nd4 Neg4 14. Nf5 Bxh2+ 15. Kh1 Bc7 16. Bg5 h6 17. Bh4 g5 18. Rad1 Qe8 19. Bxg4 Nxg4 20. Qe2 Nf6 21. Bg3 Bxg3 22. fxg3 Bc8 23. Nxh6+ Kg7 24. Nf5+ Bxf5 25. Rxf5 Nh7 26. e5 Qe6 27. Rdf1 Rae8 28. Ne4 Qh6+ 29. Kg1 Kh8 30. Qg4 Rg8 31. Nd6 1-0

[Event "Elit(Wasa-SS 4 Springare)"]
[Site "?"]
[Date "2025.01.17"]
[Round "4"]
[White "Kazakouski, Valery"]
[Black "Amin, Bassem"]
[Result "1/2-1/2"]
[WhiteElo "2562"]
[BlackElo "2648"]
[PlyCount "40"]
[EventDate "2025.??.??"]
[SourceVersionDate "2025.01.27"]

1. e4 e5 2. Nf3 Nc6 3. Bc4 Nf6 4. d3 Bc5 5. c3 d6 6. a4 a5 7. O-O h6 8. h3 O-O 9. Re1 Bb6 10. Nbd2 Ne7 11. Bb3 c6 12. d4 Ng6 13. Bc2 Re8 14. Nf1 exd4 15. cxd4 d5 16. e5 Ne4 17. N1d2 Bf5 18. Nxe4 Bxe4 19. Bxe4 dxe4 20. Rxe4 Qd5 1/2-1/2

[Event "Elit(Kristallen-Rockaden, Stockholm)"]
[Site "?"]
[Date "2025.01.17"]
[Round "4"]
[White "Seo, Jung Min"]
[Black "Religa, Marek"]
[Result "0-1"]
[WhiteElo "2491"]
[BlackElo "2285"]
[PlyCount "105"]
[SourceVersionDate "2025.01.29"]

1. d4 f5 2. Nc3 Nf6 3. Bg5 d5 4. Bxf6 exf6 5. e3 Be6 6. Bd3 Nc6 7. Nge2 Bd6 8. Nb5 Nb4 9. Nxd6+ Qxd6 10. Bb5+ Bd7 11. Bxd7+ Qxd7 12. Nf4 g5 13. Nh5 Rf8 14. c3 Nc6 15. Qf3 O-O-O 16. O-O-O Ne7 17. Ng3 f4 18. exf4 Ng6 19. Nh5 Nh4 20. Qg3 Qf7 21. Qh3+ Kb8 22. g4 Rde8 23. Rhe1 Re4 24. Re3 Ng6 25. f5 Nf4 26. Nxf4 gxf4 27. Red3 Qg7 28. Qh5 Rfe8 29. h4 Qd7 30. b3 a5 31. Kb2 b5 32. R3d2 b4 33. cxb4 axb4 34. Rc1 Re2 35. Rdc2 Qc6 36. Qf7 Rxc2+ 37. Rxc2 Re2 38. Rxe2 Qc3+ 39. Kb1 Qd3+ 40. Rc2 Qd1+ 41. Kb2 Qxd4+ 42. Kc1 Qa1+ 43. Kd2 Qd4+ 44. Ke1 Qa1+ 45. Ke2 f3+ 46. Kxf3 Qd1+ 47. Re2 Qh1+ 48. Kf4 Qh2+ 49. Ke3 d4+ 50. Kd2 Qf4+ 51. Kd1 d3 52. Qe8+ Ka7 53. Qe3+ 0-1

[Event "Elit(Vaxjo-Eksjo)"]
[Site "?"]
[Date "2025.01.17"]
[Round "4"]
[White "Sumets, Andrey"]
[Black "Gdanski, Jacek"]
[Result "0-1"]
[WhiteElo "2511"]
[BlackElo "2484"]
[PlyCount "110"]
[SourceVersionDate "2025.01.27"]

1. Nf3 c5 2. e4 g6 3. c3 Bg7 4. d4 cxd4 5. cxd4 d5 6. e5 Nc6 7. Bb5 Bd7 8. Nc3 a6 9. Bxc6 Bxc6 10. O-O e6 11. Re1 Ne7 12. a4 h6 13. b3 Nf5 14. Ba3 Bf8 15. Bxf8 Kxf8 16. Ne2 Kg7 17. Ng3 Nh4 18. Re3 Rc8 19. Qd2 Bd7 20. Nxh4 Qxh4 21. Rf3 Qg5 22. Rf4 Rc7 23. h4 Qe7 24. Rc1 Rxc1+ 25. Qxc1 Rc8 26. Qe3 Be8 27. Rg4 Kh7 28. h5 Qa3 29. Ne2 b5 30. hxg6+ fxg6 31. Qd3 Qb2 32. Rg3 Rc7 33. axb5 axb5 34. Kh2 Qc2 35. Nf4 Qxd3 36. Nxd3 Rc2 37. Rf3 Kg7 38. Nc5 Bf7 39. Nb7 b4 40. Nd8 Bg8 41. Rf6 Rd2 42. Nc6 g5 43. f3 h5 44. Nxb4 Rxd4 45. Na6 Bf7 46. Kg3 Rd2 47. Nc5 Rb2 48. Nb7 h4+ 49. Kh3 Rxb3 50. Nd6 Bg6 51. Rxe6 d4 52. Re7+ Kh6 53. Nf7+ Kh5 54. e6 g4+ 55. Kh2 g3+ 0-1

[Event "Elit(Wasa-SS 4 Springare)"]
[Site "?"]
[Date "2025.01.17"]
[Round "4"]
[White "Meshkovs, Nikita"]
[Black "Sivuk, Vitaly"]
[Result "1/2-1/2"]
[WhiteElo "2537"]
[BlackElo "2493"]
[PlyCount "45"]
[SourceVersionDate "2025.01.28"]

1. c4 e6 2. Nf3 Nf6 3. b3 d5 4. Bb2 Bd6 5. e3 O-O 6. Nc3 a6 7. d4 b6 8. g3 Bb7 9. Bg2 Nbd7 10. O-O dxc4 11. bxc4 Re8 12. Re1 c5 13. d5 exd5 14. Nxd5 Bxd5 15. cxd5 b5 16. Qc2 Ng4 17. e4 c4 18. h3 Nge5 19. Nxe5 Nxe5 20. f4 Nd3 21. Re2 Qb6+ 22. Kh2 f6 23. Rd1 1/2-1/2

[Event "Elit(Kristallen-Rockaden, Stockholm)"]
[Site "?"]
[Date "2025.01.17"]
[Round "4"]
[White "Soderstrom, Adrian"]
[Black "Hammer, Jon Ludvig"]
[Result "1-0"]
[WhiteElo "2603"]
[BlackElo "2345"]
[PlyCount "70"]
[SourceVersionDate "2025.01.29"]

1. d4 Nf6 2. c4 g6 3. Nc3 d5 4. cxd5 Nxd5 5. e4 Nxc3 6. bxc3 Bg7 7. Nf3 c5 8. Rb1 O-O 9. Be2 cxd4 10. cxd4 Qa5+ 11. Bd2 Qxa2 12. O-O Nd7 13. Re1 Nb6 14. Bb4 Bg4 15. h3 Bxf3 16. Bxf3 Rfd8 17. d5 e6 18. Re2 Qa6 19. Bc5 Nc4 20. Qb3 exd5 21. exd5 Ne5 22. d6 b6 23. Bb4 Rac8 24. Rbe1 Qd3 25. Qxd3 Nxd3 26. Bb7 Rb8 27. d7 Nxe1 28. Bd6 Rxd7 29. Bxb8 Rxb7 30. Re8+ Bf8 31. Bd6 f6 32. Rxf8+ Kg7 33. Rd8 Nd3 34. f4 b5 35. g4 b4 1-0

[Event "Elit(Vaxjo-Eksjo)"]
[Site "?"]
[Date "2025.01.17"]
[Round "4"]
[White "Olsson, William"]
[Black "Hillarp-Persson, Tiger"]
[Result "0-1"]
[WhiteElo "2369"]
[BlackElo "2468"]
[PlyCount "82"]
[SourceVersionDate "2025.01.27"]

1. c4 c5 2. g3 g6 3. Bg2 Bg7 4. Nc3 Nc6 5. a3 d6 6. Rb1 Bd7 7. Nh3 h5 8. Ng5 h4 9. O-O b6 10. d3 Nh6 11. Bd2 Rc8 12. b4 hxg3 13. hxg3 Nf5 14. Nge4 Ne5 15. Nd5 Bc6 16. Bg5 f6 17. Bf4 Nf7 18. Bd2 g5 19. f4 e6 20. Ndc3 gxf4 21. Bxf4 N5h6 22. Nb5 Bxb5 23. cxb5 f5 24. Nf2 Be5 25. Qc1 Qf6 26. bxc5 dxc5 27. Bxe5 Qxe5 28. Qf4 Qxf4 29. gxf4 Ke7 30. Rfc1 Rcg8 31. Kf1 Rg3 32. Bf3 e5 33. fxe5 Nxe5 34. Bb7 Nhg4 35. Nxg4 Rxg4 36. Kf2 Rh2+ 37. Ke1 Nxd3+ 38. Kd2 Nxc1 39. Rxc1 Rd4+ 40. Ke3 f4+ 41. Kf3 Rh3+ 0-1

[Event "Elit(Wasa-SS 4 Springare)"]
[Site "?"]
[Date "2025.01.17"]
[Round "4"]
[White "Larkin, Vladyslav"]
[Black "Berg, Emanuel"]
[Result "1/2-1/2"]
[WhiteElo "2451"]
[BlackElo "2502"]
[PlyCount "65"]
[SourceVersionDate "2025.01.28"]

1. d4 Nf6 2. Bf4 e6 3. e3 d5 4. Nd2 Bd6 5. Bg3 O-O 6. Bd3 c5 7. c3 Nc6 8. Ngf3 h6 9. Qe2 Bxg3 10. hxg3 Qd6 11. Rh4 e5 12. dxe5 Nxe5 13. Nxe5 Qxe5 14. O-O-O Re8 15. Rdh1 Qe7 16. g4 Ne4 17. Bxe4 dxe4 18. Rh5 b6 19. g5 Kh7 20. gxh6 g6 21. R5h4 Bb7 22. Rf4 Rad8 23. f3 exf3 24. Nxf3 f6 25. Qf2 Rd6 26. e4 Kh8 27. e5 fxe5 28. Nxe5 Qxe5 29. Rf8+ Rxf8 30. Qxf8+ Kh7 31. Qf7+ Kh8 32. Qf8+ Kh7 33. Qf7+ 1/2-1/2

[Event "Elit(Kristallen-Rockaden, Stockholm)"]
[Site "?"]
[Date "2025.01.17"]
[Round "4"]
[White "Trost, Edvin"]
[Black "Andersson, Goran L"]
[Result "1-0"]
[WhiteElo "2443"]
[BlackElo "2177"]
[PlyCount "63"]
[SourceVersionDate "2025.01.29"]

1. e4 e5 2. Nf3 Nc6 3. Bb5 a6 4. Ba4 Nf6 5. O-O Be7 6. Re1 b5 7. Bb3 O-O 8. c3 d5 9. exd5 Nxd5 10. a4 Bb7 11. axb5 axb5 12. Rxa8 Bxa8 13. d4 exd4 14. Qd3 b4 15. cxd4 Bf6 16. h4 Nb6 17. Be3 Re8 18. Rc1 Na5 19. Bc2 g6 20. Nbd2 Qd5 21. Bb1 Nc6 22. Rc5 Qd7 23. h5 Ne7 24. Ne5 Bxe5 25. Rxe5 Nf5 26. Bf4 Rd8 27. Bg5 Qc6 28. Qh3 Rxd4 29. Be4 Qa4 30. hxg6 hxg6 31. Bxf5 gxf5 32. Qh5 1-0

[Event "Elit(Vaxjo-Eksjo)"]
[Site "?"]
[Date "2025.01.17"]
[Round "4"]
[White "Arman, Deniz"]
[Black "Lukez, Giamfranko"]
[Result "1-0"]
[WhiteElo "2371"]
[BlackElo "2276"]
[PlyCount "55"]
[SourceVersionDate "2025.01.27"]

1. e4 g6 2. d4 Bg7 3. Nc3 d6 4. f4 Nf6 5. Nf3 O-O 6. e5 dxe5 7. fxe5 Nd5 8. Bc4 Nxc3 9. bxc3 c5 10. O-O Bg4 11. Qd3 Bxf3 12. Rxf3 Nc6 13. Be3 e6 14. Qe4 Qa5 15. Bf2 Rad8 16. Rb1 Qa4 17. Bb3 Qa6 18. Bh4 Rd7 19. Bf6 c4 20. Rh3 cxb3 21. axb3 Bxf6 22. exf6 Rd5 23. Qe3 g5 24. Qe4 Rf5 25. g4 Qa5 26. gxf5 Qxf5 27. Qxf5 exf5 28. Rh5 1-0

[Event "Elit(Wasa-SS 4 Springare)"]
[Site "?"]
[Date "2025.01.17"]
[Round "4"]
[White "Cramling, Pia"]
[Black "Poley, Vladimir"]
[Result "0-1"]
[WhiteElo "2416"]
[BlackElo "2271"]
[PlyCount "103"]
[EventDate "2025.??.??"]
[SourceVersionDate "2025.01.28"]

1. d4 g6 2. e4 Bg7 3. Nf3 c6 4. h3 d5 5. Nc3 Nh6 6. Bd3 f6 7. O-O O-O 8. Re1 Nf7 9. Bf1 e6 10. b3 a5 11. Ba3 Re8 12. exd5 exd5 13. Rxe8+ Qxe8 14. Na4 Qd8 15. c4 Nd7 16. cxd5 cxd5 17. Qe2 Nf8 18. Qb5 Bd7 19. Qxb7 Bxa4 20. bxa4 Rb8 21. Qa6 Ng5 22. Nxg5 fxg5 23. Rd1 Qb6 24. Qxb6 Rxb6 25. Bb5 Ne6 26. Bc5 Rb8 27. Bd6 Rd8 28. Be5 Bxe5 29. dxe5 Kf7 30. Kf1 Ke7 31. g3 Nc5 32. Ke2 Ke6 33. f4 Ne4 34. Kf3 gxf4 35. gxf4 g5 36. Bc6 gxf4 37. Kxf4 Rf8+ 38. Ke3 Nc3 39. Re1 Kxe5 40. Kd3+ Ne4 41. Bb5 Rf3+ 42. Kc2 Rc3+ 43. Kb2 Rxh3 44. Rg1 h5 45. Rg8 Rh2+ 46. Ka3 h4 47. Bc6 Kd4 48. Rd8 Nc3 49. Kb3 h3 50. Bb7 Rh1 51. Rh8 h2 52. Rh4+ 0-1

[Event "Elit(Kristallen-Rockaden, Stockholm)"]
[Site "?"]
[Date "2025.01.17"]
[Round "4"]
[White "Persson, Andreas"]
[Black "Neiksans, Arturs"]
[Result "0-1"]
[WhiteElo "2170"]
[BlackElo "2566"]
[PlyCount "50"]
[SourceVersionDate "2025.01.29"]

1. d4 f5 2. Nf3 Nf6 3. g3 g6 4. Bg2 Bg7 5. O-O O-O 6. b3 d6 7. Bb2 c6 8. c4 a5 9. Nc3 Na6 10. a3 Bd7 11. Qc2 b5 12. Nd2 Rb8 13. e3 e5 14. dxe5 dxe5 15. Ne2 Qe7 16. Qc3 e4 17. Qxa5 Nc5 18. Bd4 Nd3 19. cxb5 c5 20. Bxf6 Bxf6 21. a4 Ra8 22. Qc7 Rfc8 23. Qb7 Rcb8 24. Qd5+ Be6 25. Qc6 Nb4 0-1

[Event "Elit(Kristallen-Wasa)"]
[Site "?"]
[Date "2024.10.06"]
[Round "3"]
[White "Wedberg, Tom"]
[Black "Ostling, Hakan"]
[Result "1/2-1/2"]
[WhiteElo "2373"]
[BlackElo "2138"]
[PlyCount "49"]
[SourceVersionDate "2024.10.26"]

1. e4 g6 2. d4 Bg7 3. Nc3 d6 4. Nf3 a6 5. a4 b6 6. Be3 Bb7 7. Qd2 Nd7 8. Bd3 e6
9. h3 h6 10. Ne2 Ngf6 11. Ng3 c5 12. c3 h5 13. Bg5 Qc7 14. Qe2 e5 15. d5 Nf8
16. O-O N8h7 17. Bd2 O-O 18. Rfb1 Nd7 19. b4 Rfc8 20. Nf1 c4 21. Bc2 b5 22. Ra3
Rf8 23. Ne3 Nb6 24. axb5 axb5 25. Rba1 1/2-1/2

[Event "Elit(Kungstornet-Vaxjo)"]
[Site "?"]
[Date "2024.10.06"]
[Round "3"]
[White "Sumets, Andrey"]
[Black "Cicak, Slavko"]
[Result "1/2-1/2"]
[WhiteElo "2517"]
[BlackElo "2499"]
[PlyCount "46"]
[SourceVersionDate "2024.10.26"]

1. d4 Nf6 2. c4 g6 3. Nc3 Bg7 4. e4 O-O 5. Nf3 d6 6. Be2 Nc6 7. O-O Re8 8. d5
Nb4 9. a3 Na6 10. Nd4 Nc5 11. f3 a5 12. Bg5 a4 13. Rb1 Bd7 14. Kh1 c6 15. Re1
Qa5 16. Bf1 e5 17. dxe6 Nxe6 18. Nxe6 Bxe6 19. Bf4 Red8 20. Bd2 Qa7 21. Be3 Qa5
22. Bd2 Qa7 23. Be3 Qa5 1/2-1/2

[Event "Elit(Stockholms SS-LASK)"]
[Site "?"]
[Date "2024.10.06"]
[Round "3"]
[White "Kucuksari, Kaan"]
[Black "Lokander, Martin"]
[Result "1-0"]
[WhiteElo "2455"]
[BlackElo "2469"]
[PlyCount "77"]
[SourceVersionDate "2024.10.26"]

1. d4 Nf6 2. c4 c5 3. d5 g6 4. Nc3 Bg7 5. g3 d6 6. Nf3 O-O 7. Bg2 e6 8. O-O
exd5 9. cxd5 Re8 10. Bf4 h6 11. Qc1 g5 12. Be3 b5 13. Nxb5 Ba6 14. a4 Ne4 15.
h4 Bxb5 16. axb5 g4 17. Nh2 h5 18. Ra4 f5 19. Qc2 Nd7 20. Bxe4 fxe4 21. Rxe4
Nf6 22. Rxe8+ Qxe8 23. Bf4 Qxb5 24. Bxd6 Re8 25. Qxc5 Qxe2 26. Bf4 Qd3 27. d6
Re2 28. Qxa7 Rxb2 29. Re1 Re2 30. Rxe2 Qxe2 31. Nf1 Qd3 32. Be5 Qd5 33. Qe3 Qf7
34. Bxf6 Bxf6 35. Qe4 Bd8 36. Ne3 Bb6 37. Nf5 Qa2 38. Qe8+ Kh7 39. Qxh5+ 1-0

[Event "Elit(SS 4 Springare-Limhamn)"]
[Site "?"]
[Date "2024.10.06"]
[Round "3"]
[White "Sivuk, Vitaly"]
[Black "Garriga Cazorla, Pere"]
[Result "1/2-1/2"]
[WhiteElo "2526"]
[BlackElo "2467"]
[PlyCount "220"]
[SourceVersionDate "2024.10.26"]

1. d4 Nf6 2. c4 e6 3. Nc3 Bb4 4. e3 O-O 5. a3 Bxc3+ 6. bxc3 d5 7. cxd5 exd5 8.
Bd3 b6 9. Ne2 Ba6 10. Bxa6 Nxa6 11. Qd3 Qc8 12. O-O c5 13. f3 Nc7 14. e4 Qa6
15. Qxa6 Nxa6 16. e5 Nd7 17. Nf4 Nc7 18. a4 Rfe8 19. Ba3 Rac8 20. Rac1 f6 21.
exf6 Nxf6 22. dxc5 Ne6 23. Nxe6 Rxe6 24. cxb6 Rxb6 25. Rfd1 Rc4 26. Rd4 Ra6 27.
Be7 Rxd4 28. cxd4 Rxa4 29. Rc8+ Kf7 30. Rc7 Ra1+ 31. Kf2 Ra2+ 32. Kg3 Nh5+ 33.
Kh4 Kg6 34. Rc6+ Nf6 35. Kg3 Rd2 36. Bc5 a5 37. Ra6 Kf5 38. Kh3 h5 39. Bf8 g5
40. Bg7 g4+ 41. Kg3 Ng8 42. h4 gxf3 43. gxf3 Rd1 44. Be5 Rg1+ 45. Kf2 Rg6 46.
Rxa5 Ne7 47. Ra8 Rb6 48. Rf8+ Kg6 49. Kg3 Nf5+ 50. Kh3 Ne7 51. Rd8 Ra6 52. Re8
Kf7 53. Rh8 Kg6 54. Rd8 Rb6 55. Kg3 Nf5+ 56. Kf4 Nxh4 57. Rxd5 Rb3 58. Rd6+ Kh7
59. Rd7+ Kh6 60. Rd6+ Kh7 61. Bf6 Nxf3 62. Kf5 Nxd4+ 63. Bxd4 Rf3+ 64. Kg5 Rg3+
65. Kh4 Rg2 66. Rd7+ Kg8 67. Bf6 Rg6 68. Be5 Kf8 69. Kxh5 Re6 70. Bf4 Ke8 71.
Rd5 Kf7 72. Be5 Ra6 73. Kg5 Ke6 74. Rb5 Ra2 75. Kf4 Ra4+ 76. Ke3 Ra3+ 77. Ke4
Ra2 78. Rb6+ Kd7 79. Rd6+ Ke7 80. Kf5 Rf2+ 81. Kg4 Rf1 82. Ra6 Kd7 83. Bf4 Ke7
84. Kf5 Kf7 85. Ra7+ Kf8 86. Ke5 Kg8 87. Bg5 Rf7 88. Ra1 Rf2 89. Bf6 Kf7 90.
Ra7+ Kg6 91. Rg7+ Kh6 92. Ke6 Ra2 93. Rg8 Kh5 94. Rg1 Kh6 95. Bd4 Ra3 96. Kf7
Kh5 97. Bf6 Ra7+ 98. Be7 Ra5 99. Ke6 Ra2 100. Bc5 Ra5 101. Bd4 Rg5 102. Ra1 Kg4
103. Be5 Kf3 104. Kd5 Rg8 105. Ra3+ Ke2 106. Ke4 Re8 107. Ra2+ Ke1 108. Kd4 Kf1
109. Bf4 Re2 110. Rxe2 Kxe2 1/2-1/2

[Event "Elit(Stockholms SS-LASK)"]
[Site "?"]
[Date "2024.10.06"]
[Round "3"]
[White "Storme, Isak"]
[Black "Olund, Joar"]
[Result "1-0"]
[WhiteElo "2447"]
[BlackElo "2368"]
[PlyCount "88"]
[SourceVersionDate "2024.10.26"]

1. d4 d5 2. c4 dxc4 3. Nf3 Nf6 4. e3 e6 5. Bxc4 c5 6. Nc3 a6 7. e4 b5 8. Bb3
cxd4 9. Nxd4 Bb7 10. e5 Nd5 11. Nxd5 Bxd5 12. O-O Nc6 13. Bxd5 Qxd5 14. Nxc6
Qxc6 15. Bg5 h6 16. Rc1 Qb7 17. Be3 Be7 18. Qg4 g6 19. Rfd1 h5 20. Qf3 Qxf3 21.
gxf3 Rd8 22. Rxd8+ Bxd8 23. Rc8 Kd7 24. Ra8 Re8 25. Rxa6 Bc7 26. f4 Rb8 27. Kf1
g5 28. fxg5 Bxe5 29. Ra7+ Ke8 30. Bc5 Rc8 31. b4 Rc7 32. Ra5 Rb7 33. Kg2 Bc7
34. Ra8+ Bd8 35. Kg3 Kd7 36. Kh4 Bb6 37. Bxb6 Rxb6 38. Kxh5 Rd6 39. h4 Rd2 40.
Ra7+ Ke8 41. Kh6 Rxf2 42. h5 e5 43. g6 fxg6 44. hxg6 Rf8 1-0

[Event "Elit(SS 4 Springare-Limhamn)"]
[Site "?"]
[Date "2024.10.06"]
[Round "3"]
[White "Domingo Nunez, Ruben"]
[Black "Miezis, Normunds"]
[Result "*"]
[WhiteElo "2390"]
[BlackElo "2417"]
[PlyCount "107"]
[SourceVersionDate "2024.10.26"]

1. Nf3 c5 2. c4 Nc6 3. Nc3 e5 4. g3 g6 5. Bg2 Bg7 6. d3 Nge7 7. Rb1 d6 8. a3 a5
9. Bd2 O-O 10. h4 h5 11. O-O Rb8 12. Ng5 b6 13. Nd5 f6 14. Nxe7+ Nxe7 15. Ne4
Bg4 16. Nc3 Qd7 17. b4 axb4 18. axb4 Kh7 19. Kh2 Nc6 20. Qa4 Nxb4 21. Qxd7 Bxd7
22. Ne4 Bg4 23. f3 Be6 24. Nxd6 Rfd8 25. Ne4 Nc6 26. f4 Bg4 27. Rf2 Bd7 28. Bc3
Be8 29. fxe5 Nxe5 30. Bxe5 fxe5 31. Ra1 Rd7 32. Ra6 Kh8 33. Ng5 Re7 34. Bd5 e4
35. Nxe4 Bd4 36. Rf8+ Kg7 37. Rg8+ Kh6 38. Bc6 Bxc6 39. Rxb8 Bxe4 40. dxe4 Rxe4
41. Rbxb6 Rg4 42. Re6 Bf2 43. Kg2 Be1 44. Ra3 Rd4 45. Ra7 Bxg3 46. Kxg3 Rg4+
47. Kf3 Rf4+ 48. Ke3 Rxh4 49. Raa6 Rg4 50. Kf3 Rg1 51. Rec6 Rg5 52. e4 h4 53.
Rc8 Kg7 54. Rc7+ *

[Event "Elit(Rockaden, Sthlm-Eksjo)"]
[Site "?"]
[Date "2024.10.06"]
[Round "3"]
[White "Seo, Jung Min"]
[Black "Malesevic, Nedeljko"]
[Result "1-0"]
[WhiteElo "2505"]
[BlackElo "2230"]
[PlyCount "67"]
[SourceVersionDate "2024.10.26"]

1. c4 c6 2. Nf3 d5 3. e3 Nf6 4. Nc3 e6 5. d4 Nbd7 6. Qc2 Be7 7. b3 O-O 8. Bd3
Re8 9. O-O dxc4 10. bxc4 Qc7 11. Bb2 Bd6 12. h3 b6 13. Ng5 h6 14. Nge4 Be7 15.
Nxf6+ Nxf6 16. e4 Rd8 17. e5 Ne8 18. Rad1 Bb7 19. f4 Bf8 20. f5 exf5 21. Bxf5
Qe7 22. Ne4 Bc8 23. d5 cxd5 24. cxd5 Bxf5 25. Rxf5 g6 26. Rf3 Bg7 27. Re1 Rac8
28. Qb3 Qh4 29. Rf4 Qh5 30. d6 Bxe5 31. Qxf7+ Kh8 32. Bxe5+ Qxe5 33. Qxg6 Ng7
34. Qxh6+ 1-0

[Event "Elit(Kungstornet-Rockaden, Stockholm)"]
[Site "?"]
[Date "2024.10.05"]
[Round "2"]
[White "Wiedenkeller, Michael"]
[Black "Jonsson, Mikael"]
[Result "1/2-1/2"]
[WhiteElo "2406"]
[BlackElo "2176"]
[PlyCount "118"]
[SourceVersionDate "2024.10.19"]

1. d4 d5 2. c4 c6 3. cxd5 cxd5 4. Bf4 Nc6 5. e3 Nf6 6. Bb5 Bd7 7. Nc3 e6 8. Nf3
Ne4 9. O-O Nxc3 10. bxc3 Be7 11. c4 a6 12. Bxc6 Bxc6 13. Ne5 dxc4 14. Nxc6 bxc6
15. Qa4 O-O 16. Qxc4 Qa5 17. Qxc6 Rac8 18. Qb7 Ba3 19. Rab1 Rc2 20. Rb6 Rxa2
21. Rxa6 Qc3 22. h3 Re2 23. Ra8 Re1 24. Rxe1 Qxe1+ 25. Kh2 Qb4 26. Qxb4 Bxb4
27. Ra4 Be7 28. e4 Rd8 29. Be3 Bd6+ 30. g3 Kf8 31. Kg2 Ke8 32. Kf3 h5 33. Bf4
Be7 34. Bc7 Rc8 35. Ra7 g6 36. d5 exd5 37. exd5 Bc5 38. Rb7 Ra8 39. Bf4 Ra1 40.
Rc7 Bb6 41. Rb7 Bd8 42. h4 Rd1 43. d6 Bf6 44. Ke3 Rd5 45. Rb4 Kd7 46. Ke4 Rd1
47. Rb8 Rd4+ 48. Ke3 Rd1 49. Rb3 Rd5 50. Rd3 Rxd3+ 51. Kxd3 Bb2 52. f3 Ba3 53.
Ke4 Bxd6 54. Bxd6 Kxd6 55. Kf4 f6 56. g4 hxg4 57. fxg4 Ke6 58. h5 gxh5 59. gxh5
Kf7 1/2-1/2

[Event "Elit(Eksjo-SS 4 Springare)"]
[Site "?"]
[Date "2024.10.05"]
[Round "2"]
[White "Miezis, Normunds"]
[Black "Vernersson, Per"]
[Result "1/2-1/2"]
[WhiteElo "2417"]
[BlackElo "2256"]
[PlyCount "93"]
[SourceVersionDate "2024.10.26"]

1. c4 e6 2. e4 c5 3. Nc3 Nc6 4. g3 d6 5. Bg2 g6 6. Nge2 Bg7 7. a3 Nge7 8. d3
O-O 9. Rb1 Nd4 10. O-O Nec6 11. b4 Nxe2+ 12. Nxe2 Nd4 13. Be3 Nxe2+ 14. Qxe2
Qc7 15. f4 Bd4 16. Bxd4 cxd4 17. e5 a5 18. Qe4 axb4 19. axb4 Ra3 20. Ra1 Rb3
21. Rfb1 Rxb1+ 22. Rxb1 Rd8 23. Qxd4 dxe5 24. Qxe5 Qb6+ 25. Qc5 Qxc5+ 26. bxc5
Rxd3 27. Ra1 Rd7 28. Ra8 Rc7 29. Bxb7 Rxb7 30. Rxc8+ Kg7 31. Kf2 Rb4 32. Ke3
Rxc4 33. c6 Kf6 34. Kd3 Rc1 35. Rc7 h5 36. Kd4 Rc2 37. h3 Rc1 38. Rc8 Kf5 39.
Rf8 f6 40. g4+ hxg4 41. hxg4+ Kxg4 42. Rxf6 Rxc6 43. Ke5 Rc5+ 44. Kxe6 Rc6+ 45.
Kf7 Rxf6+ 46. Kxf6 Kxf4 47. Kxg6 1/2-1/2

[Event "Elit(Eksjo-SS 4 Springare)"]
[Site "?"]
[Date "2024.10.05"]
[Round "2"]
[White "Lukez, Giamfranko"]
[Black "Peng, Li Min"]
[Result "1/2-1/2"]
[WhiteElo "2281"]
[BlackElo "2514"]
[PlyCount "56"]
[EventDate "2024.??.??"]
[SourceVersionDate "2024.10.26"]

1. Nf3 d5 2. g3 Nf6 3. Bg2 e6 4. O-O Be7 5. d3 O-O 6. c4 a6 7. Nc3 d4 8. Nb1 c5
9. e3 Nc6 10. exd4 cxd4 11. Bg5 Nd7 12. Bxe7 Qxe7 13. Nbd2 Nc5 14. Nb3 Nxb3 15.
Qxb3 Rb8 16. Nd2 Bd7 17. Rac1 Rfc8 18. a3 b5 19. c5 a5 20. Qc2 a4 21. b4 axb3
22. Nxb3 e5 23. Rfe1 b4 24. a4 Be6 25. Bxc6 Rxc6 26. Rxe5 Bxb3 27. Rxe7 Bxc2
28. Rxc2 b3 1/2-1/2

[Event "Elit(LASK-Wasa)"]
[Site "?"]
[Date "2024.10.05"]
[Round "2"]
[White "Cramling, Dan"]
[Black "Kucuksari, Kaan"]
[Result "1/2-1/2"]
[WhiteElo "2317"]
[BlackElo "2455"]
[PlyCount "106"]
[SourceVersionDate "2024.10.19"]

1. d4 Nf6 2. c4 e6 3. Nc3 Bb4 4. e3 O-O 5. Bd3 d5 6. Nf3 dxc4 7. Bxc4 c5 8. a3
Bxc3+ 9. bxc3 Qc7 10. Be2 b6 11. O-O Ba6 12. Bxa6 Nxa6 13. Qe2 Nb8 14. e4 cxd4
15. cxd4 Nbd7 16. Bb2 Rac8 17. Rac1 Qb7 18. Nd2 h6 19. a4 Rc6 20. f3 Rfc8 21.
Rxc6 Rxc6 22. Rc1 Rxc1+ 23. Bxc1 a6 24. Nc4 b5 25. axb5 Qxb5 26. Qa2 Nb6 27.
Nxb6 Qxb6 28. Qb2 Qc6 29. Bd2 Ne8 30. Qc3 Qd7 31. Qc5 Nc7 32. Ba5 Nb5 33. Bb6
f6 34. Kf2 Kf7 35. Ke3 Nd6 36. Kd3 Nc8 37. Kc3 Nxb6 38. Qxb6 Qa4 39. Qb7+ Kg6
40. Qb3 Qa1+ 41. Qb2 Qg1 42. Qa2 Qc1+ 43. Kb4 Qc6 44. Qa5 Qd6+ 45. Kc4 Qxh2 46.
d5 exd5+ 47. exd5 Qxg2 48. d6 Qe2+ 49. Kd4 Qb2+ 50. Ke4 Qe2+ 51. Kd4 Qb2+ 52.
Ke4 Qe2+ 53. Kd4 Qb2+ 1/2-1/2

[Event "Elit(Eksjo-SS 4 Springare)"]
[Site "?"]
[Date "2024.10.05"]
[Round "2"]
[White "Gajic, Mladen"]
[Black "Thornert, Hakan"]
[Result "1/2-1/2"]
[WhiteElo "2294"]
[BlackElo "2163"]
[PlyCount "71"]
[SourceVersionDate "2024.10.26"]

1. e4 c5 2. c3 Nf6 3. e5 Nd5 4. Bc4 Nb6 5. Bb3 d5 6. exd6 Qxd6 7. d4 cxd4 8.
Nf3 Nc6 9. O-O Be6 10. Bxe6 Qxe6 11. Nxd4 Nxd4 12. Qxd4 Rd8 13. Qe3 Qxe3 14.
Bxe3 Nc4 15. Bxa7 Nxb2 16. Na3 e6 17. Nb5 Be7 18. Bb6 Rc8 19. a4 O-O 20. Rfb1
Nc4 21. Na7 Ra8 22. Bd4 Rfb8 23. a5 e5 24. a6 bxa6 25. Rxb8+ Rxb8 26. Nc6 Re8
27. Nxe5 Nxe5 28. Bxe5 Bc5 29. Bg3 Re6 30. Kf1 f6 31. Ra5 Ba7 32. Rd5 Kf7 33.
Rd7+ Re7 34. Rd5 Re6 35. Rd7+ Re7 36. Rd6 1/2-1/2